000 00986cam a2200265 a 4500
999 _c126925
_d126925
001 14381290
003 ARRUPE
005 20170906091013.0
008 060518s2004 enkb 000 0 eng d
010 _a 2006296517
020 _a0664227848 (U.S. ed.)
020 _a0281053006 (U.K. ed.)
035 _a(OCoLC)ocm54513844
040 _aDWT
_cDWT
_dEXN
_dOCLCQ
_dBAKER
_dDLC
042 _alccopycat
050 0 0 _aBS2595.53
_b.W75 2004
082 0 0 _a226.4/077
_222
100 1 _aWright, N. T.
_q(Nicholas Thomas)
_92555
245 1 0 _aLuke for everyone /
_cTom Wright.
260 _aLondon :
_bSPCK ;
_cc2004.
300 _axiii, 319 p. :
_c19 cm.
630 0 0 _aBible N.T.
_pLuke
_vCommentaries.
_9970
906 _a7
_bcbc
_ccopycat
_d2
_encip
_f20
_gy-gencatlg
942 _2lcc
_cMONOGRAPH